[Event "Campeonato Panamericano de Ajedrez Sub-20 Femenino"]
[Site "Cochabamba - CEFED "La Tamborada""]
[Date "2019.08.04"]
[Round "6"]
[Board "10"]
[White "Cuadros Quispe, Danae Yadira"]
[Black "Montiel Caceres, Helen"]
[Result "1/2-1/2"]
[WhiteElo "1371"]
[BlackElo "1514"]
[PlyCount "127"]
[EventDate "2019.08.01"]
[EventRounds "9"]
[EventCountry "BOL"]

1. e4 c5 2. Nf3 e6 3. Nc3 Nc6 4. d4 cxd4 5. Nxd4 a6 6. Be3 Qc7 7. a3 Nf6 8. Be2
Be7 9. O-O O-O 10. f4 d6 11. Rf3 Nxd4 12. Bxd4 e5 13. Be3 Bg4 14. Rg3 Bxe2 15.
Qxe2 Rfd8 16. fxe5 dxe5 17. Bh6 Bf8 18. Rf1 Qb6+ 19. Kh1 Nxe4 20. Nxe4 f5 21.
Be3 Qc6 22. Nc3 f4 23. Bxf4 exf4 24. Rh3 Rd6 25. Qe4 Qxe4 26. Nxe4 Rd4 27. Ng5
h6 28. Ne6 Rd2 29. Nxf4 Rxc2 30. Rb3 b5 31. Ne6 Bd6 32. Nd4 Rc4 33. Nf5 Bf8 34.
Ne3 Re4 35. h3 Rae8 36. Nc2 Bc5 37. Rc3 Be7 38. Rc6 Bf6 39. b4 Re2 40. Kg1 Rd8
41. Ne1 Rdd2 42. Nf3 Rxg2+ 43. Kh1 Rg3 44. Nxd2 Rxh3+ 45. Kg2 Rxa3 46. Ne4 Be7
47. Nd6 Ra4 48. Rf2 Rxb4 49. Rxa6 Rb3 50. Re2 Bf6 51. Ne4 Bd4 52. Rd6 Ba1 53.
Rdd2 b4 54. Nc5 Rb1 55. Ra2 Bd4 56. Ne6 Bc3 57. Rac2 Ra1 58. Nc5 Rb1 59. Ne4
Ba1 60. Nd2 Rd1 61. Nb3 Bc3 62. Nc5 Rb1 63. Ne4 Ba1 64. Nd2  1/2-1/2

[Event "Campeonato Panamericano de Ajedrez Sub-20 Femenino"]
[Site "Cochabamba - CEFED "La Tamborada""]
[Date "2019.08.04"]
[Round "6"]
[Board "11"]
[White "Chavez, Perla"]
[Black "Pacheco Arteaga, Natalia"]
[Result "1-0"]
[WhiteElo "1571"]
[BlackElo "1176"]
[PlyCount "68"]
[EventDate "2019.08.01"]
[EventRounds "9"]
[EventCountry "BOL"]

1. e4 e5 2. Nf3 Nc6 3. Bc4 Nf6 4. d3 Be7 5. c3 d6 6. Bb3 O-O 7. Nbd2 h6 8. Nf1
Bd7 9. Ng3 Na5 10. Bc2 c5 11. O-O Nc6 12. Re1 Qc7 13. Nh4 Rfe8 14. Nhf5 Bf8 15.
Qf3 Kh7 16. Nxh6 gxh6 17. Qxf6 Be6 18. Nf5 Bxf5 19. Qxf5+ Kh8 20. Re3 Ne7 21.
Qxf7 Rac8 22. Rg3 Ng6 23. Qxg6 Qg7 24. Qh5 Qh7 25. Bb3 Bg7 26. Bf7 Rf8 27. Bg6
Qg8 28. Bxh6 Qe6 29. Bxg7+ Kxg7 30. Bf5+ Kf6 31. Qg6+ Ke7 32. Qxe6+ Kd8 33.
Qxc8+ Ke7 34. Rg7+ Kf6  1-0

[Event "Campeonato Panamericano de Ajedrez Sub-20 Femenino"]
[Site "Cochabamba - CEFED "La Tamborada""]
[Date "2019.08.04"]
[Round "6"]
[Board "12"]
[White "Duarte Laconich, Jazmin"]
[Black "Velarde Alarcon, Jhoana"]
[Result "1/2-1/2"]
[WhiteElo "1429"]
[BlackElo "1267"]
[PlyCount "80"]
[EventDate "2019.08.01"]
[EventRounds "9"]
[EventCountry "BOL"]

1. Nf3 Nf6 2. g3 Nc6 3. Bg2 e5 4. d3 Bc5 5. O-O O-O 6. Bg5 h6 7. Bxf6 Qxf6 8.
Nc3 d6 9. Ne4 Qe7 10. Nxc5 dxc5 11. c3 Rd8 12. Qc2 Be6 13. Rfd1 Qd7 14. Rd2 Bd5
15. e4 Be6 16. Rad1 f5 17. d4 cxd4 18. cxd4 exd4 19. Nxd4 Nxd4 20. Rxd4 Qe7 21.
exf5 Rxd4 22. Rxd4 Bxa2 23. Re4 Qf7 24. Rb4 c6 25. b3 Qe7 26. Ra4 Qe1+ 27. Bf1
Bb1 28. Qc4+ Kh7 29. Ra1 Rd8 30. Qe2 Qxe2 31. Bxe2 Bxf5 32. Rxa7 Rd7 33. Kg2
Be6 34. b4 Bd5+ 35. Bf3 Bxf3+ 36. Kxf3 Kg6 37. Ke3 Kf6 38. f4 Kf5 39. h3 g5 40.
fxg5 Kxg5  1/2-1/2

[Event "Campeonato Panamericano de Ajedrez Sub-20 Femenino"]
[Site "Cochabamba - CEFED "La Tamborada""]
[Date "2019.08.04"]
[Round "6"]
[Board "13"]
[White "Iquise Calle, Jhosselyn"]
[Black "Barros Jardi Arce, Sarai"]
[Result "1/2-1/2"]
[WhiteElo "1329"]
[BlackElo "1182"]
[PlyCount "29"]
[EventDate "2019.08.01"]
[EventRounds "9"]
[EventCountry "BOL"]

1. e4 e6 2. d3 d5 3. Nd2 dxe4 4. dxe4 Nc6 5. c3 Nf6 6. Qc2 Be7 7. Ngf3 e5 8. h3
Be6 9. Be2 h6 10. Bc4 Bxc4 11. Nxc4 Bd6 12. Be3 Qe7 13. Nxd6+ Qxd6 14. Rd1 Qe7
15. Qb3  1/2-1/2

[Event "Campeonato Panamericano de Ajedrez Sub-20 Femenino"]
[Site "Cochabamba - CEFED "La Tamborada""]
[Date "2019.08.05"]
[Round "7"]
[Board "1"]
[White "Vazquez Maccarini, Danitza"]
[Black "Miller, Rachel"]
[Result "1-0"]
[WhiteElo "2080"]
[BlackElo "1941"]
[PlyCount "61"]
[EventDate "2019.08.01"]
[EventRounds "9"]
[EventCountry "BOL"]

1. e4 e5 2. Nf3 Nc6 3. Bb5 a6 4. Ba4 Nf6 5. O-O Be7 6. d3 b5 7. Bb3 d6 8. a4
Bd7 9. Nc3 Na5 10. Ba2 c5 11. Nd5 bxa4 12. Nxe7 Qxe7 13. Bg5 Rb8 14. Qd2 Rb4
15. Bxf6 Qxf6 16. Ng5 O-O 17. f4 exf4 18. Nxf7 Be6 19. Rxf4 Qd4+ 20. Kh1 Bxa2
21. Nh6+ gxh6 22. Rxf8+ Kxf8 23. Rf1+ Kg7 24. c3 Rxb2 25. Qxb2 Qxd3 26. c4+ Kg8
27. Qb8+ Kg7 28. Qf8+ Kg6 29. Qf5+ Kg7 30. Qf7+ Kh8 31. Qf8#  1-0

[Event "Campeonato Panamericano de Ajedrez Sub-20 Femenino"]
[Site "Cochabamba - CEFED "La Tamborada""]
[Date "2019.08.05"]
[Round "7"]
[Board "2"]
[White "Hilario, Aleyla"]
[Black "Molina, Jessica"]
[Result "1/2-1/2"]
[WhiteElo "1841"]
[BlackElo "1811"]
[PlyCount "66"]
[EventDate "2019.08.01"]
[EventRounds "9"]
[EventCountry "BOL"]

1. d4 d5 2. Nf3 Nf6 3. c4 e6 4. g3 Nbd7 5. Bg2 Be7 6. O-O O-O 7. Qc2 c6 8. Nbd2
b6 9. e4 dxe4 10. Nxe4 Bb7 11. Ne5 Rc8 12. Nxf6+ Nxf6 13. Rd1 b5 14. b3 a5 15.
Qe2 b4 16. h4 Nd7 17. Nd3 Bf6 18. Qg4 Qe7 19. a3 Rfd8 20. axb4 axb4 21. Bd2 Qd6
22. Nxb4 Qxd4 23. Qxd4 Bxd4 24. Rac1 Nc5 25. Rb1 e5 26. Nc2 Ne6 27. Nxd4 Nxd4
28. Be3 f6 29. b4 Rc7 30. b5 cxb5 31. cxb5 Bxg2 32. Kxg2 Rb7 33. Bxd4 exd4
 1/2-1/2

[Event "Campeonato Panamericano de Ajedrez Sub-20 Femenino"]
[Site "Cochabamba - CEFED "La Tamborada""]
[Date "2019.08.05"]
[Round "7"]
[Board "3"]
[White "Monroy G., Nataly A."]
[Black "Condori, Ana Paula"]
[Result "1/2-1/2"]
[WhiteElo "1921"]
[BlackElo "1751"]
[PlyCount "87"]
[EventDate "2019.08.01"]
[EventRounds "9"]
[EventCountry "BOL"]

1. d4 Nf6 2. c4 g6 3. Nf3 Bg7 4. g3 O-O 5. Bg2 d6 6. O-O Nc6 7. Nc3 e5 8. dxe5
dxe5 9. Bg5 Be6 10. Qa4 Qc8 11. Bxf6 Bxf6 12. Nd5 Bxd5 13. cxd5 Ne7 14. e4 Rd8
15. Rfd1 Rd6 16. Rac1 Qd8 17. Nd2 Bg5 18. Rc2 Bxd2 19. Rcxd2 c6 20. Qb4 cxd5
21. exd5 f5 22. Bf1 a6 23. a4 Rb8 24. Bc4 Nc8 25. Qc3 e4 26. a5 Na7 27. Qd4 Nb5
28. Bxb5 axb5 29. b4 Rc8 30. Qe5 Kf7 31. Rd4 Qf6 32. Qf4 Rc2 33. Qe3 Qe7 34.
Rc1 Qc7 35. Rxc2 Qxc2 36. Qf4 Rd7 37. Qe5 Re7 38. Qh8 Qc1+ 39. Kg2 Qh6 40. Rd1
Qh5 41. d6 Qf3+ 42. Kh3 Qh5+ 43. Kg2 Qf3+ 44. Kh3  1/2-1/2

[Event "Campeonato Panamericano de Ajedrez Sub-20 Femenino"]
[Site "Cochabamba - CEFED "La Tamborada""]
[Date "2019.08.05"]
[Round "7"]
[Board "4"]
[White "Rosado Perez, Maria Jose"]
[Black "Campos, Maria Jose"]
[Result "1-0"]
[WhiteElo "1810"]
[BlackElo "2091"]
[PlyCount "133"]
[EventDate "2019.08.01"]
[EventRounds "9"]
[EventCountry "BOL"]

1. e4 c5 2. Nf3 d6 3. d4 cxd4 4. Nxd4 Nf6 5. Nc3 g6 6. f4 Nc6 7. Nxc6 bxc6 8.
e5 Nd7 9. Qf3 Rb8 10. Bc4 Rb4 11. Bb3 dxe5 12. O-O Rxb3 13. axb3 Bg7 14. Rxa7
e4 15. Qxe4 O-O 16. Rd1 c5 17. Nd5 e6 18. Ne3 Bd4 19. c3 Nf6 20. Qc2 Bxe3+ 21.
Bxe3 Qb6 22. Ra4 Ng4 23. Bf2 Nxf2 24. Qxf2 Qxb3 25. Raa1 Bb7 26. Rd2 c4 27. Rd6
Be4 28. Rb6 Qc2 29. Qxc2 Bxc2 30. Rc6 Bd3 31. Rb6 Rd8 32. Rd1 Ra8 33. Rb4 Ra2
34. Kf2 Bc2 35. Rd8+ Kg7 36. Rd2 Bb3 37. Ke3 Ra7 38. Rd6 Ra2 39. Rd2 Ra7 40. g4
h6 41. Rb6 g5 42. Rbd6 Ra1 43. fxg5 hxg5 44. Rd7 Kg6 45. Kd4 Rg1 46. h3 Rh1 47.
Kc5 Rxh3 48. Rf2 Rh7 49. Kb4 Ba2 50. Rf1 Bb3 51. Ra7 Rg7 52. Kc5 Rh7 53. Kd4
Rg7 54. Ke5 Bd1 55. Rf6+ Kh7 56. Rfxf7 Rxf7 57. Rxf7+ Kg6 58. Rf6+ Kg7 59. Rxe6
Bxg4 60. Rc6 Be2 61. Kf5 g4 62. Kf4 Kf7 63. Kg3 Ke7 64. Rg6 Kd7 65. Kf2 Bd1 66.
Rf6 Kc7 67. Rf4  1-0

[Event "Campeonato Panamericano de Ajedrez Sub-20 Femenino"]
[Site "Cochabamba - CEFED "La Tamborada""]
[Date "2019.08.05"]
[Round "7"]
[Board "5"]
[White "Sarmiento Robles, Paula"]
[Black "Figueroa Bernal, Julia Dennis"]
[Result "1/2-1/2"]
[WhiteElo "1876"]
[BlackElo "1837"]
[PlyCount "76"]
[EventDate "2019.08.01"]
[EventRounds "9"]
[EventCountry "BOL"]

1. g3 c5 2. Bg2 Nc6 3. d3 g6 4. e4 Bg7 5. Nc3 Rb8 6. a4 a6 7. Be3 d6 8. Nge2
Nd4 9. O-O e6 10. Rb1 Qc7 11. Bd2 Bd7 12. b3 Ne7 13. Nxd4 cxd4 14. Ne2 b5 15.
axb5 axb5 16. b4 Qb6 17. c3 Nc6 18. cxd4 Nxd4 19. Be3 O-O 20. Nxd4 Bxd4 21.
Bxd4 Qxd4 22. Qd2 Ra8 23. e5 d5 24. Rfe1 Ra3 25. Bf1 Rc8 26. Qg5 Ra2 27. Re3
Qa7 28. Rf3 Be8 29. Rc1 Rxc1 30. Qxc1 Ra4 31. d4 Qe7 32. Qc3 Qd7 33. Rf4 Qa7
34. Qc8 Qe7 35. Qc3 Qd7 36. Rh4 Qa7 37. Qc8 Qe7 38. Qc3 Qd7  1/2-1/2

[Event "Campeonato Panamericano de Ajedrez Sub-20 Femenino"]
[Site "Cochabamba - CEFED "La Tamborada""]
[Date "2019.08.05"]
[Round "7"]
[Board "6"]
[White "Bustillos, Nathalia"]
[Black "Lara Santana, Maria"]
[Result "1-0"]
[WhiteElo "1473"]
[BlackElo "1702"]
[PlyCount "75"]
[EventDate "2019.08.01"]
[EventRounds "9"]
[EventCountry "BOL"]

1. d4 d5 2. c4 c6 3. Nc3 e6 4. Nf3 Nf6 5. e3 Bd6 6. Bd3 Nbd7 7. O-O b6 8. e4
dxe4 9. Nxe4 Nxe4 10. Bxe4 Bb7 11. Re1 Nf6 12. Bg5 O-O 13. Qc2 h6 14. Bxf6 Qxf6
15. Ne5 Qe7 16. h3 Qc7 17. Nf3 Be7 18. Rad1 Rfd8 19. Qb3 a5 20. a3 a4 21. Qe3
Ra5 22. Ne5 Bd6 23. f4 f6 24. Ng6 e5 25. fxe5 fxe5 26. Kh1 exd4 27. Qxd4 Raa8
28. Qe3 Re8 29. Qf3 Bg3 30. Rf1 Rad8 31. Rc1 Be5 32. Nxe5 Qxe5 33. Qf7+ Kh8 34.
Rfe1 Qg5 35. Qxb7 Qh4 36. Qxc6 Qg3 37. Qg6 Qxg6 38. Bxg6  1-0

[Event "Campeonato Panamericano de Ajedrez Sub-20 Femenino"]
[Site "Cochabamba - CEFED "La Tamborada""]
[Date "2019.08.05"]
[Round "7"]
[Board "7"]
[White "Salazar Gould, Melanie"]
[Black "Francia Arzapalo, Gianella"]
[Result "1/2-1/2"]
[WhiteElo "1919"]
[BlackElo "1607"]
[PlyCount "84"]
[EventDate "2019.08.01"]
[EventRounds "9"]
[EventCountry "BOL"]

1. e4 c6 2. Nf3 d5 3. exd5 cxd5 4. Ne5 Nc6 5. d4 Nf6 6. f4 Bf5 7. c3 Qb6 8. Nd2
e6 9. Ndf3 Bd6 10. Be2 O-O 11. O-O Bxe5 12. Nxe5 Nxe5 13. fxe5 Ne4 14. a4 a6
15. a5 Qc6 16. Ra4 Rfb8 17. Qb3 b5 18. axb6 Rxb6 19. Qa3 Qb7 20. b4 Qc7 21. Bb2
Nd2 22. Bxa6 Nxf1 23. Bxf1 Rxa4 24. Qxa4 Rb8 25. Ba6 Qb6 26. Be2 Qb7 27. b5 Ra8
28. Qb3 h6 29. Ba3 Bc2 30. Qb2 Qa7 31. Bc5 Qa1+ 32. Qxa1 Rxa1+ 33. Kf2 Ba4 34.
Bb4 f5 35. exf6 gxf6 36. Ke3 Re1 37. Kf2 Rxe2+ 38. Kxe2 Bxb5+ 39. Ke3 Kg7 40.
Kf4 Kg6 41. g3 Be2 42. Bd6 h5  1/2-1/2

[Event "Campeonato Panamericano de Ajedrez Sub-20 Femenino"]
[Site "Cochabamba - CEFED "La Tamborada""]
[Date "2019.08.05"]
[Round "7"]
[Board "8"]
[White "Mamani, Anahi"]
[Black "Loyola Torres, Maria Gracia"]
[Result "0-1"]
[WhiteElo "1813"]
[BlackElo "1688"]
[PlyCount "110"]
[EventDate "2019.08.01"]
[EventRounds "9"]
[EventCountry "BOL"]

1. e4 c5 2. Nf3 e6 3. d3 Nc6 4. g3 g6 5. Bg2 Bg7 6. O-O Nge7 7. c3 d5 8. Nbd2
O-O 9. Re1 b6 10. Nf1 d4 11. e5 Qc7 12. Bf4 Bb7 13. c4 a6 14. Rc1 Na5 15. a3
Bc6 16. b4 Nb7 17. Qd2 Rac8 18. g4 Qd7 19. Bh6 b5 20. Ng3 bxc4 21. dxc4 Qc7 22.
Bxg7 Kxg7 23. Qg5 Bxf3 24. Nh5+ Kg8 25. Nf6+ Kg7 26. Nh5+ Kg8 27. Bxf3 Rfd8 28.
Be4 Nc6 29. f4 Kf8 30. Nf6 Kg7 31. h4 Rh8 32. Nh5+ Kf8 33. Qh6+ Ke7 34. Nf6
Rcf8 35. Nxh7 Kd8 36. Qg5+ f6 37. Nxf6 Kc8 38. Bxg6 cxb4 39. axb4 Qb6 40. Bd3
Nxb4 41. Red1 Nc5 42. Rb1 a5 43. f5 Qc6 44. Bf1 Qf3 45. Bg2 Qe2 46. Qd2 Qxe5
47. Nh5 d3 48. Re1 Qd4+ 49. Kh1 Qxg4 50. Nf4 Rxh4+ 51. Kg1 Qxf4 52. Re3 Qh2+
53. Kf1 Rf4+ 54. Ke1 Qg1+ 55. Bf1 Qxf1#  0-1

[Event "Campeonato Panamericano de Ajedrez Sub-20 Femenino"]
[Site "Cochabamba - CEFED "La Tamborada""]
[Date "2019.08.05"]
[Round "7"]
[Board "9"]
[White "Montiel Caceres, Helen"]
[Black "Enriquez Coronel, Gaia Paola"]
[Result "0-1"]
[WhiteElo "1514"]
[BlackElo "1615"]
[PlyCount "96"]
[EventDate "2019.08.01"]
[EventRounds "9"]
[EventCountry "BOL"]

1. d4 Nf6 2. c4 g6 3. Nc3 d5 4. cxd5 Nxd5 5. e4 Nxc3 6. bxc3 Bg7 7. Nf3 O-O 8.
Rb1 c5 9. d5 Bxc3+ 10. Bd2 Qa5 11. Qc2 Bxd2+ 12. Nxd2 Qc7 13. Bc4 b6 14. h4 h5
15. Nf3 Nd7 16. Qc3 Nf6 17. Ng5 Qf4 18. Qd2 Qxd2+ 19. Kxd2 Rd8 20. f3 e6 21.
Ke2 exd5 22. exd5 Nxd5 23. Rbe1 Re8+ 24. Kf2 Bb7 25. Rd1 Rad8 26. Rd2 Re7 27.
Rhd1 Red7 28. Ne4 Kg7 29. Nc3 Nf6 30. Rxd7 Rxd7 31. Rxd7 Nxd7 32. Nb5 Ba6 33.
a4 Ne5 34. Ba2 Nc6 35. Ke3 Bc8 36. Ke4 Bf5+ 37. Kf4 Nb4 38. Bc4 Bd3 39. Nd6
Bxc4 40. Nxc4 Kf6 41. g4 Nd5+ 42. Kg3 Nc3 43. Nb2 a6 44. Kf2 b5 45. axb5 axb5
46. Ke3 Nd5+ 47. Ke4 Ke6 48. Nd3 f5+  0-1

[Event "Campeonato Panamericano de Ajedrez Sub-20 Femenino"]
[Site "Cochabamba - CEFED "La Tamborada""]
[Date "2019.08.05"]
[Round "7"]
[Board "10"]
[White "Arce, Valeria"]
[Black "Chavez, Perla"]
[Result "0-1"]
[WhiteElo "1246"]
[BlackElo "1571"]
[PlyCount "112"]
[EventDate "2019.08.01"]
[EventRounds "9"]
[EventCountry "BOL"]

1. d4 d5 2. c4 e6 3. Nc3 Nf6 4. Bg5 Be7 5. e3 h6 6. Bh4 O-O 7. Nf3 b6 8. Rc1
Bb7 9. Bd3 Nbd7 10. O-O c5 11. Qe2 Ne4 12. Bxe7 Nxc3 13. Rxc3 Qxe7 14. Rd1 Rfd8
15. a3 a5 16. Rdc1 Qf6 17. Rb3 dxc4 18. Bxc4 Bxf3 19. Qxf3 Qxf3 20. gxf3 cxd4
21. exd4 Rac8 22. Rc2 Kf8 23. Bd3 Rxc2 24. Bxc2 Ke7 25. Rb5 Rb8 26. Bb3 Nf6 27.
d5 exd5 28. Bxd5 Nxd5 29. Rxd5 Ke6 30. Rb5 f6 31. a4 Kd6 32. Kg2 Kc6 33. Kg3
Rd8 34. b3 Rd5 35. Rxd5 Kxd5 36. Kg4 g6 37. h4 Kc5 38. h5 f5+ 39. Kh4 gxh5 40.
Kxh5 Kb4 41. Kg6 f4 42. Kf5 Kxb3 43. Kxf4 Kxa4 44. Kg4 Kb5 45. f4 Kc6 46. f5
Kd7 47. f4 Ke7 48. Kh5 Kf6 49. Kxh6 a4 50. Kh5 a3 51. Kg4 a2 52. Kh5 Kxf5 53.
Kh6 a1=Q 54. Kh7 Qg1 55. Kh8 Kf6 56. Kh7 Qg7#  0-1

[Event "Campeonato Panamericano de Ajedrez Sub-20 Femenino"]
[Site "Cochabamba - CEFED "La Tamborada""]
[Date "2019.08.05"]
[Round "7"]
[Board "11"]
[White "Cuadros Quispe, Danae Yadira"]
[Black "Duarte Laconich, Jazmin"]
[Result "1-0"]
[WhiteElo "1371"]
[BlackElo "1429"]
[PlyCount "61"]
[EventDate "2019.08.01"]
[EventRounds "9"]
[EventCountry "BOL"]

1. e4 e6 2. d4 d5 3. Nd2 dxe4 4. Nxe4 Nd7 5. Nf3 Ngf6 6. Bd3 Nxe4 7. Bxe4 Nf6
8. Bd3 Be7 9. O-O O-O 10. c3 c5 11. Bf4 b6 12. h3 Bb7 13. dxc5 Bxc5 14. Re1 Qd7
15. Bg5 Qd8 16. Bxf6 Qxf6 17. Be4 Bxe4 18. Rxe4 Rad8 19. Qe2 Rd7 20. a3 Rfd8
21. b4 Qxc3 22. Re1 Bf8 23. Ne5 Qxe1+ 24. Qxe1 Rd1 25. Nc6 Rxe1+ 26. Rxe1 Rd7
27. a4 h6 28. b5 Bd6 29. Kf1 g6 30. f3 g5 31. Kf2 {Ilegible}  1-0

[Event "Campeonato Panamericano de Ajedrez Sub-20 Femenino"]
[Site "Cochabamba - CEFED "La Tamborada""]
[Date "2019.08.05"]
[Round "7"]
[Board "12"]
[White "Velarde Alarcon, Jhoana"]
[Black "Iquise Calle, Jhosselyn"]
[Result "1/2-1/2"]
[WhiteElo "1267"]
[BlackElo "1329"]
[PlyCount "36"]
[EventDate "2019.08.01"]
[EventRounds "9"]
[EventCountry "BOL"]

1. e4 e5 2. Nf3 d6 3. d4 Nd7 4. dxe5 dxe5 5. Nc3 c6 6. Bc4 Be7 7. O-O h6 8. h3
Ngf6 9. Nh2 Nf8 10. Qd3 g5 11. Rd1 Ng6 12. Qe2 Nf4 13. Qf3 h5 14. Bxf4 exf4 15.
e5 g4 16. Qd3 Ng8 17. Re1 gxh3 18. e6 fxe6  1/2-1/2

[Event "Campeonato Panamericano de Ajedrez Sub-20 Femenino"]
[Site "Cochabamba - CEFED "La Tamborada""]
[Date "2019.08.05"]
[Round "7"]
[Board "13"]
[White "Barros Jardi Arce, Sarai"]
[Black "Pacheco Arteaga, Natalia"]
[Result "1/2-1/2"]
[WhiteElo "1182"]
[BlackElo "1176"]
[PlyCount "47"]
[EventDate "2019.08.01"]
[EventRounds "9"]
[EventCountry "BOL"]

1. e4 e5 2. Nf3 Nc6 3. Bc4 Nf6 4. d3 Be7 5. Nc3 d6 6. h3 Be6 7. Bb3 Bxb3 8.
axb3 a6 9. Bg5 O-O 10. O-O Ne8 11. Bxe7 Nxe7 12. Re1 c5 13. Qd2 Ng6 14. Ne2 h6
15. c3 Nf6 16. Red1 Qb6 17. Ra3 Rfe8 18. Rda1 Nd7 19. Ne1 Qd8 20. Qe3 Qb6 21.
Qd2 Qd8 22. Qe3 Qb6 23. Qd2 Qc7 24. Nc2  1/2-1/2

[Event "Campeonato Panamericano de Ajedrez Sub-20 Femenino"]
[Site "Cochabamba - CEFED "La Tamborada""]
[Date "2019.08.05"]
[Round "8"]
[Board "1"]
[White "Vazquez Maccarini, Danitza"]
[Black "Bustillos, Nathalia"]
[Result "1-0"]
[WhiteElo "2080"]
[BlackElo "1473"]
[PlyCount "73"]
[EventDate "2019.08.01"]
[EventRounds "9"]
[EventCountry "BOL"]

1. e4 c5 2. Nf3 d6 3. c3 Nf6 4. Bd3 Nc6 5. Bc2 e6 6. O-O Be7 7. d4 cxd4 8. cxd4
Qc7 9. Nc3 a6 10. Bg5 O-O 11. Rc1 b5 12. d5 Ne5 13. Nd4 Qd7 14. Bb3 exd5 15.
Bxf6 Bxf6 16. Nxd5 Qd8 17. h3 Bb7 18. Nf5 Ng6 19. Rc2 Rb8 20. Nxf6+ Qxf6 21.
Nxd6 Rbd8 22. Rd2 Bc8 23. Nxf7 Rxd2 24. Ng5+ Kh8 25. Qxd2 Ne5 26. f4 h6 27. Nf3
Qb6+ 28. Kh1 Rd8 29. Qc3 Nd3 30. Ne5 Nxe5 31. Qxe5 Bb7 32. f5 Qd4 33. Rd1 Qxe5
34. Rxd8+ Kh7 35. Bg8+ Kh8 36. Bf7+ Kh7 37. Bg6#  1-0

[Event "Campeonato Panamericano de Ajedrez Sub-20 Femenino"]
[Site "Cochabamba - CEFED "La Tamborada""]
[Date "2019.08.05"]
[Round "8"]
[Board "2"]
[White "Hilario, Aleyla"]
[Black "Rosado Perez, Maria Jose"]
[Result "1-0"]
[WhiteElo "1841"]
[BlackElo "1810"]
[PlyCount "39"]
[EventDate "2019.08.01"]
[EventRounds "9"]
[EventCountry "BOL"]

1. d4 Nf6 2. Nf3 g6 3. c4 Bg7 4. g3 O-O 5. Bg2 d5 6. cxd5 Qxd5 7. O-O Qd8 8.
Nc3 Nc6 9. d5 Nb4 10. e4 Nd7 11. a3 Na6 12. Be3 Ndc5 13. Qc2 f5 14. e5 f4 15.
gxf4 Bf5 16. Qd1 Bd3 17. Re1 Bf5 18. Nd4 Bh6 19. b4 Nd3 20. Nxf5  1-0

[Event "Campeonato Panamericano de Ajedrez Sub-20 Femenino"]
[Site "Cochabamba - CEFED "La Tamborada""]
[Date "2019.08.05"]
[Round "8"]
[Board "3"]
[White "Miller, Rachel"]
[Black "Condori, Ana Paula"]
[Result "0-1"]
[WhiteElo "1941"]
[BlackElo "1751"]
[PlyCount "44"]
[EventDate "2019.08.01"]
[EventRounds "9"]
[EventCountry "BOL"]

1. e4 c5 2. Nc3 g6 3. f4 Bg7 4. Nf3 d6 5. Bb5+ Bd7 6. Bc4 a6 7. O-O e6 8. d3
Ne7 9. a4 Nbc6 10. Kh1 Na5 11. Ba2 Nec6 12. f5 h6 13. fxe6 fxe6 14. Qe1 Qe7 15.
Nh4 Ne5 16. Bf4 Nac6 17. Bg3 h5 18. Ne2 a5 19. Rb1 Bf6 20. Nf3 h4 21. Bxe5 Nxe5
22. Nxe5 Bxe5 {ilegible}  0-1

[Event "Campeonato Panamericano de Ajedrez Sub-20 Femenino"]
[Site "Cochabamba - CEFED "La Tamborada""]
[Date "2019.08.05"]
[Round "8"]
[Board "4"]
[White "Molina, Jessica"]
[Black "Monroy G., Nataly A."]
[Result "0-1"]
[WhiteElo "1811"]
[BlackElo "1921"]
[PlyCount "56"]
[EventDate "2019.08.01"]
[EventRounds "9"]
[EventCountry "BOL"]

1. d4 c5 2. d5 g6 3. c4 Bg7 4. Nc3 e6 5. e4 exd5 6. cxd5 d6 7. Nge2 Nf6 8. f3
O-O 9. Bg5 a6 10. a4 Nbd7 11. Qd2 Re8 12. Ng3 Rb8 13. Be2 Qc7 14. O-O c4 15.
Rac1 b5 16. Kh1 Nc5 17. Qc2 Nfd7 18. axb5 axb5 19. f4 Nb3 20. Rce1 Nd4 21. Qd2
Nc5 22. Bd1 Nd3 23. Re3 h6 24. Bh4 b4 25. Nb1 Ba6 26. f5 c3 27. bxc3 bxc3 28.
Nxc3 Rb2  0-1

[Event "Campeonato Panamericano de Ajedrez Sub-20 Femenino"]
[Site "Cochabamba - CEFED "La Tamborada""]
[Date "2019.08.05"]
[Round "8"]
[Board "5"]
[White "Campos, Maria Jose"]
[Black "Sarmiento Robles, Paula"]
[Result "1/2-1/2"]
[WhiteElo "2091"]
[BlackElo "1876"]
[PlyCount "54"]
[EventDate "2019.08.01"]
[EventRounds "9"]
[EventCountry "BOL"]

1. c4 e6 2. g3 Nf6 3. Nf3 d5 4. Bg2 Be7 5. O-O O-O 6. b3 c5 7. Bb2 Nc6 8. e3
dxc4 9. bxc4 Na5 10. Qe2 b6 11. Bc3 Bb7 12. Rd1 Nc6 13. d4 cxd4 14. exd4 Bd6
15. Nbd2 Bb4 16. Bb2 Na5 17. a3 Bxd2 18. Nxd2 Bxg2 19. Kxg2 Rc8 20. Kg1 Re8 21.
Rac1 Qd7 22. Nf3 Qa4 23. Ne5 Nd7 24. Nxd7 Qxd7 25. c5 Qd5 26. Bc3 Nc6 27. a4
Ne7  1/2-1/2

[Event "Campeonato Panamericano de Ajedrez Sub-20 Femenino"]
[Site "Cochabamba - CEFED "La Tamborada""]
[Date "2019.08.05"]
[Round "8"]
[Board "6"]
[White "Figueroa Bernal, Julia Dennis"]
[Black "Chavez, Perla"]
[Result "1/2-1/2"]
[WhiteElo "1837"]
[BlackElo "1571"]
[PlyCount "98"]
[EventDate "2019.08.01"]
[EventRounds "9"]
[EventCountry "BOL"]

1. e4 e5 2. Nf3 Nc6 3. d4 exd4 4. Nxd4 Nxd4 5. Qxd4 d6 6. Nc3 Nf6 7. Bf4 Be7 8.
O-O-O O-O 9. f3 Nh5 10. Be3 Bg5 11. g4 Qf6 12. Bxg5 Qxg5+ 13. Kb1 Nf4 14. h4
Qe5 15. Nd5 Qxd4 16. Rxd4 Nxd5 17. exd5 Re8 18. Bd3 Bd7 19. Be4 Re7 20. b3 Rae8
21. Re1 f5 22. gxf5 Bxf5 23. Kc1 Bxe4 24. Rdxe4 Rxe4 25. Rxe4 Rxe4 26. fxe4 Kf7
27. Kd2 Kf6 28. Ke3 Ke5 29. c4 g6 30. Kf3 h6 31. Ke3 g5 32. hxg5 hxg5 33. Kf3
c6 34. Ke3 g4 35. b4 g3 36. dxc6 bxc6 37. b5 g2 38. Kf2 cxb5 39. cxb5 Kxe4 40.
a4 Kd5 41. a5 Kc5 42. b6 axb6 43. axb6 Kxb6 44. Kxg2 Kc5 45. Kf3 Kd4 46. Ke2
Ke4 47. Kd2 d5 48. Ke2 d4 49. Kd2 d3  1/2-1/2

[Event "Campeonato Panamericano de Ajedrez Sub-20 Femenino"]
[Site "Cochabamba - CEFED "La Tamborada""]
[Date "2019.08.05"]
[Round "8"]
[Board "7"]
[White "Enriquez Coronel, Gaia Paola"]
[Black "Salazar Gould, Melanie"]
[Result "0-1"]
[WhiteElo "1615"]
[BlackElo "1919"]
[PlyCount "68"]
[EventDate "2019.08.01"]
[EventRounds "9"]
[EventCountry "BOL"]

1. e4 e6 2. d4 d5 3. Nd2 Nf6 4. e5 Nfd7 5. f4 c5 6. c3 Nc6 7. Ngf3 Qb6 8. Nb3
a5 9. Be3 c4 10. Nc1 Qxb2 11. Ne2 Qb6 12. Ng3 h5 13. Rb1 Qa7 14. Bf2 h4 15. Ne2
Be7 16. g4 hxg3 17. Nxg3 Qa6 18. f5 Nf8 19. fxe6 Bxe6 20. Be3 b5 21. Ng5 b4 22.
Nxe6 Nxe6 23. Bd2 bxc3 24. Bxc3 Bb4 25. Ne2 Rh4 26. Bxb4 axb4 27. Bg2 Qa5 28.
O-O Qd8 29. Qc2 Qg5 30. Rf2 Ra5 31. Rbf1 Nexd4 32. Nxd4 Nxd4 33. Qb2 Qxe5 34.
Bh1 Rg4+  0-1